Countries with Most Speakers of UN Official Languages - Statistics

General Stats
  • This quiz has been taken 284 times
    268 since last reset
  • The average score is 25 of 30
Answer Stats
Hint Answer % Correct
English 283.1 United States
100%
Spanish 40.0 United States
100%
Chinese 5.0 United states
100%
Russian 118.5 Russia
98%
English 81.7 China
96%
Chinese 955 China
96%
French 63.6 France
96%
Spanish 130.2 Mexico
94%
Arabic 27.1 Saudi Arabia
94%
Spanish 47.0 Spain
93%
Arabic 82.4 Egypt
92%
English 129.3 India
91%
Russian 14.2 Ukraine
90%
Spanish 44.2 Argentina
88%
Arabic 40.1 Algeria
86%
French 13.8 Algeria
86%
Russian 6.6 Belarus
86%
Spanish 45.5 Colombia
84%
Arabic 25.0 Morocco
82%
French 12.7 Morocco
82%
Russian 3.7 Kazakhstan
80%
English 94.3 Pakistan
72%
English 114.1 Nigeria
70%
Chinese 2.8 Indonesia
68%
French 42.5 D.R. Congo
65%
Arabic 28.1 Sudan
65%
Chinese 6.6 Malaysia
59%
Russian 2.2 Germany
57%
French 12.2 Germany
57%
Chinese 9.3 Thailand
53%
No matching quizzes found
Score Distribution
Percent of People with Each Score
Percentile by Number Answered
Your Score History
You have not taken this quiz since the last reset